| 000 | 00576nam a22001817a 4500 | ||
|---|---|---|---|
| 003 | OSt | ||
| 005 | 20260424004636.0 | ||
| 008 | 260424b |||||||| |||| 00| 0 eng d | ||
| 020 | _a9789710734177 | ||
| 040 |
_aDWCL Main Lib. _cOC |
||
| 082 | _aFil. 500 S461 2014 | ||
| 100 |
_aRabago, Lilia M. _eAuthor |
||
| 245 |
_aScience and technology : _blaboratory manual and workbook. 10 / _cLilia M. Rabago |
||
| 260 |
_aQuezon City, Philippines: _bVibal Group, _cc2014. |
||
| 300 |
_avi , 122 pages ; _c25cm. |
||
| 650 | _a1. Science -- workbook, manual. | ||
| 942 |
_2ddc _cBK - FIL _n0 |
||
| 999 |
_c9816 _d9816 |
||